The prophet / (Record no. 17891)
[ view plain ]
| 000 -LEADER | |
|---|---|
| fixed length control field | 00657nam a2200241 a 4500 |
| 001 - CONTROL NUMBER | |
| control field | 17891 |
| 003 - CONTROL NUMBER IDENTIFIER | |
| rucl marc code | BD-RjUL |
| 005 - DATE AND TIME OF LATEST TRANSACTION | |
| control field | 20211209000216.0 |
| 008 - FIXED-LENGTH DATA ELEMENTS--GENERAL INFORMATION | |
| fixed length control field | 140219r19531926 000 0 eng d |
| 035 ## - SYSTEM CONTROL NUMBER | |
| System control number | (BD-RjUL)17949 |
| System control number | (BD-RjUL) |
| 040 ## - CATALOGING SOURCE | |
| Original cataloging agency | VCAV |
| Language of cataloging | eng |
| Transcribing agency | VCAV |
| Modifying agency | NU |
| -- | BD-RjUL |
| 041 ## - LANGUAGE CODE | |
| Language code of text/sound track or separate title | eng |
| 082 04 - DEWEY DECIMAL CLASSIFICATION NUMBER | |
| Classification number | 811.5 |
| Author mark and year | GIP |
| 100 1# - MAIN ENTRY--PERSONAL NAME | |
| Personal name | Gibran, Kahlil, |
| Dates associated with a name | 1883-1931. |
| 9 (RLIN) | 55208 |
| 245 14 - TITLE STATEMENT | |
| Title | The prophet / |
| 250 ## - EDITION STATEMENT | |
| Edition statement | [Pocket ed.]. |
| 260 ## - PUBLICATION, DISTRIBUTION, ETC. (IMPRINT) | |
| Place of publication, distribution, etc. | London : |
| Name of publisher, distributor, etc. | Heinemann, |
| Date of publication, distribution, etc. | 1926 [reprinted 1953] |
| 300 ## - PHYSICAL DESCRIPTION | |
| Pagination | 92 p : |
| Illustrations | front. (port.) ; |
| Size | 14 cm. |
| 500 ## - GENERAL NOTE | |
| General note | First published in this edition, 1927. |
| 942 ## - ADDED ENTRY ELEMENTS (KOHA) | |
| Source of classification or shelving scheme | Dewey Decimal Classification |
| Koha item type | Books |
| Lost status | Source of classification or shelving scheme | Damaged status | Not for loan | Collection code | Permanent Location | Current Location | Shelving location | Date acquired | Source of acquisition | Cost, normal purchase price | Total Checkouts | Full call number | Date last seen | Copy number | Koha item type |
|---|---|---|---|---|---|---|---|---|---|---|---|---|---|---|---|
| Dewey Decimal Classification | Not For Loan | Fiction | Central Library, University of Rajshahi | Central Library, University of Rajshahi | Reading Room | 18/02/1956 | O.U.P. | 9.12 | 811.5 GIP 1953 | 19/02/2014 | C-1 | Books |